Normal view
MARC view
Entry Personal Name
001 - CONTROL NUMBER
- control field: 4759
003 - CONTROL NUMBER IDENTIFIER
- control field: BD-RjUL
005 - DATE AND TIME OF LATEST TRANSACTION
- control field: 20220913123150.0
008 - FIXED-LENGTH DATA ELEMENTS
- fixed length control field: 220913|| aca||aabn | a|a d
040 ## - CATALOGING SOURCE
- Original cataloging agency: BD-RjUL
- Transcribing agency: BD-RjUL
100 ## - HEADING--PERSONAL NAME
- Personal name: Lear, King of England (Legendary character)
670 ## - SOURCE DATA FOUND
- Source citation: Work cat.: (BD-RjUL)80342: Shakespeare, William, 1564-1616., King Lear /, 1993, [impression 1995]